000 00540nam a22002417a 4500
003 UA-OsUOA
001 31288
007 ta
008 20041209b un ||||| |||| 00| 0 ukr d
100 _aСизоненко О.
090 _a821
_bС34
942 _cBK
040 _aUA-OsUOA
_bukr
_cUA-OsUOA
_dUA-OsUOA
245 _aХто твій друг
_bРоман
300 _a208 с.
955 _a0
041 _aukr
080 _a821
260 _aКиїв
_bДніпро
_c1971
044 _aUA
650 7 _2UDC
999 _c317710
_d317710